Kapitálová arbitráž a kapitálová přiměřenost
Tri typy kapitálovej arbitráže: vyberanie čerešničiek (Cherry-picking), sekuritizácia, kreditné deriváty alebo presun medzi bankovým a obchodným portfóliom. Rozsah kapitálovej arbitráže. Regulácia kapitálovej arbitráže.
Guardado en:
| Autor principal: | |
|---|---|
| Formato: | Capítulo de libro |
| Lenguaje: | checo |
| Materias: | |
| Etiquetas: |
Sin Etiquetas, Sea el primero en etiquetar este registro!
|
MARC
| LEADER | 00000naa a2200000 4500 | ||
|---|---|---|---|
| 001 | r037679 | ||
| 005 | 20231003114036.6 | ||
| 041 | 0 | |a cze | |
| 044 | |a CZ | ||
| 245 | 1 | 0 | |a Kapitálová arbitráž a kapitálová přiměřenost |c Jindra Klobásová |
| 520 | |a Tri typy kapitálovej arbitráže: vyberanie čerešničiek (Cherry-picking), sekuritizácia, kreditné deriváty alebo presun medzi bankovým a obchodným portfóliom. Rozsah kapitálovej arbitráže. Regulácia kapitálovej arbitráže. | ||
| 610 | 2 | 0 | |a arbitráž |
| 610 | 2 | 0 | |a kapitál bankový |
| 610 | 2 | 0 | |a primeranosť kapitálová |
| 610 | 2 | 0 | |a banky |
| 610 | 2 | 0 | |a regulácia |
| 100 | 1 | |a Klobásová, Jindra | |